000 00553nam a2200193Ia 4500
005 20260114185714.0
008 008 260114s9999 xx 000 0 eng d
020 _a9781350392908
037 _aEBOOK
040 _aCRL
_beng
_cCRL
041 _aeng
_2eng
084 _qCRL
100 _aSteven Edwards
_9873374
245 0 _aPhilosophy of Nursing An Introduction
260 _bBloomsbury
_c2001
856 _uhttps://doi.org/10.5040/9781350392908?locatt=label:secondary_bloomsburyCollections
942 _cEBOOK
999 _c1472322
_d1472322